000 00534nam a22001697a 4500
005 20240123065408.0
008 240123b |||||||| |||| 00| 0 eng d
020 _a0409004073
041 _aEnglish
082 _a349 JOU
100 _lEnglish
245 _aThe Law of South Africa : Cumulative Supplement 1984 /
_cedited by JA Faris
260 _aDurban :
_bButterworth Publishers (Pty) Ltd,
_c1984
300 _bxvii, 478 pages ;
_c26 cm.
650 _aLegal practice
_bLaw
942 _cBK
_6ALISON_BN_VRIES
999 _c1276
_d1276